00673 2200229 4500001002100000005001500021035002000036007000300056008004100059020001800100082001100118084001700129100001500146245009000161260006200251300002900313650001400342650001100356700001800367856003400385990002400419INLIS00000000000835820260512105157 a0010-0526000058ta260512 0 ind  a979-8678-03-6 a631.52 a631.52 NAS p0 aNASRULLLAH1 aProsiding Kongres IV Dan Simposiun Nasional Perhimpunan Ilmu Pemuliaan Indinesia " `" aYogyakarta :bPerhimpunan Ilmu Pemuliaan Indonesia,c2002 a508p. :bIlus ;c29.3 cm 4aPemuliaan 4aBangsa0 aPrapto Yudono aPerpustakaan BBRMP Jawa Timur a501/2026/BBRMPJATIM